Coping mechanisms of wives of men having extra marital sexual relationships (Record no. 1458186)

MARC details
000 -LEADER
fixed length control field 00598nam a2200205Ia 4500
005 - DATE AND TIME OF LATEST TRANSACTION
control field 20250923150003.0
008 - FIXED-LENGTH DATA ELEMENTS--GENERAL INFORMATION
fixed length control field 008 250917s9999 xx 000 0 eng d
037 ## - SOURCE OF ACQUISITION
Stock number Textual
040 ## - CATALOGING SOURCE
Original cataloging agency DSWL
Language of cataloging eng
Transcribing agency DSWL
041 ## - LANGUAGE CODE
Language code of text/sound track or separate title eng
Source of code eng
084 ## - COLON CLASSIFICATION NUMBER
Assigning agency DSWL
100 ## - MAIN ENTRY--PERSONAL NAME
Personal name Phillips, Anubha
9 (RLIN) 841021
245 #0 - TITLE STATEMENT
Title Coping mechanisms of wives of men having extra marital sexual relationships
Statement of responsibility, etc. by Anubha Phillips
260 ## - PUBLICATION, DISTRIBUTION, ETC.
Place of publication, distribution, etc. Delhi
Name of publisher, distributor, etc. Dipartment of Social Work , University of Delhi
Date of publication, distribution, etc. 1998
300 ## - PHYSICAL DESCRIPTION
Extent 68 p.
365 ## - TRADE PRICE
Price amount Gift
925 ## -
-- Gift
942 ## - ADDED ENTRY ELEMENTS (KOHA)
Koha item type Textual
Holdings
Withdrawn status Lost status Damaged status Not for loan Home library Current library Date acquired Total Checkouts Barcode Date last seen Price effective from Koha item type
        Department of Social Work Library Department of Social Work Library 2025-09-23   SW0026550 2025-09-23 2025-09-23 Textual
Copyright @ Delhi University Library System